| 000 | 02017nam a22002771i 4500 | ||
|---|---|---|---|
| 005 | 20210104152603.0 | ||
| 008 | 210104t20162006mauao||e ||| 001 0 eng d | ||
| 020 |
_a9780133799491 _cRM 989.45 _qpaperback |
||
| 040 |
_aPPAK _beng _cPPAK _erda |
||
| 082 | 0 | 4 |
_223 _a629.253 |
| 090 | 0 | 0 |
_a629.253 _bHAL _dR |
| 100 | 1 |
_aHalderman, James D., _eauthor. |
|
| 245 | 1 | 0 |
_aAUTOMOTIVE FUEL AND EMISSIONS CONTROL SYSTEMS / _cJames D. Halderman |
| 250 | _aFOURTH EDITION | ||
| 264 | 1 |
_aBoston : _bPEARSON, _c©2016 |
|
| 264 | 4 | _c©2006 | |
| 300 |
_axviii, 458 pages : _bcolour illustration and photographs ; _c28 cm. |
||
| 336 |
_2rdacontent _atext |
||
| 337 |
_2rdamedia _aunmediated |
||
| 338 |
_2rdacarrier _avolume |
||
| 500 | _aIncludes index. | ||
| 505 | _a Service information, tools, and safety -- Environmental and hazardous materials -- Gasoline engine operation and specifications -- Diesel engine operation and diagnosis -- Gasoline -- Alternative fuels 95 -- Diesel and biodiesel fuels -- Intake and exhaust systems -- Turbocharging and supercharging -- Engine condition diagnosis -- On-board diagnosis -- Can and network communications -- Temperature sensors -- Throttle position sensors -- Map/baro sensors -- Mass airflow sensors -- Oxygen sensors -- Wide-band oxygen sensors -- Fuel pumps, lines, and filters -- Fuel-injection components and operation -- Gasoline direct-injection systems -- Electronic throttle control system -- Fuel-injection system diagnosis and service -- Vehicle emission standards and testing -- Evaporative emission control systems -- Exhaust gas recirculation systems -- Positive crankcase ventilation and secondary air-injection systems -- Catalytic converters -- Ignition system operation and diagnosis -- Scan tools and engine performance diagnosis -- Hybrid safety and service procedures -- Fuel cells and advanced technologies. | ||
| 650 | 1 | 0 |
_aAutomobiles _xFuel systems. |
| 650 | 2 | 0 |
_aAutomobiles _xPollution control devices. |
| 942 |
_2ddc _cB |
||
| 999 |
_c180835 _d180835 |
||